大手私鉄15社が管轄する地下駅 - Statistics

General Stats
  • This quiz has been taken 848 times
    545 since last reset
  • The average score is 55 of 89
Answer Stats
Hint Answer % Correct
京王 新宿
91%
東急 渋谷
91%
小田急 新宿
91%
京成 京成上野
85%
東急 横浜
85%
京成 成田空港
82%
名鉄 名鉄名古屋
81%
東急 新横浜
80%
相鉄 新横浜
80%
京王 調布
79%
東急 三軒茶屋
78%
東急 池尻大橋
77%
近鉄 大阪難波
77%
京王 初台
75%
京王 幡ヶ谷
75%
小田急 下北沢
75%
西武 新桜台
74%
東急 桜新町
74%
東急 用賀
74%
東急 目黒
74%
近鉄 大阪上本町
74%
京成 空港第2ビル
74%
東急 新綱島
72%
京急 羽田空港第1・第2ターミナル
72%
東急 駒沢大学
71%
近鉄 近鉄名古屋
71%
近鉄 近鉄日本橋
71%
京阪 淀屋橋
70%
相鉄 羽沢横浜国大
69%
京阪 出町柳
69%
阪神 大阪梅田
69%
京急 羽田空港第3ターミナル
69%
東急 中央林間
68%
東急 大岡山
68%
東急 日吉
68%
京急 天空橋
68%
京阪 三条
68%
小田急 東北沢
67%
京阪 中之島
67%
阪神 神戸三宮
67%
京王 京王八王子
66%
阪急 京都河原町
66%
京成 押上
65%
京王 国領
65%
東急 田園調布
65%
東急 反町
65%
京王 布田
64%
京成 東成田
63%
東急 武蔵小山
62%
相鉄 湘南台
62%
京阪 北浜
62%
京阪 天満橋
62%
阪神 高速神戸
61%
京阪 祇園四条
60%
阪神 元町
60%
阪急 烏丸
60%
小田急 世田谷代田
58%
近鉄 近鉄奈良
58%
阪神 新開地
58%
相鉄 大和
57%
京阪 神宮丸太町
57%
阪急 大宮
57%
京阪 清水五条
56%
阪神 ドーム前
56%
小田急 成城学園前
55%
京阪 七条
54%
阪急 西院
54%
東急 西小山
53%
阪神 桜川
53%
阪神 九条
52%
京阪 渡辺橋
51%
東急 洗足
50%
東急 多摩川
50%
京阪 なにわ橋
50%
京阪 大江橋
50%
阪神 福島
49%
京急 大鳥居
48%
名鉄 栄町
45%
阪神 春日野道
45%
阪神 西元町
44%
阪神 高速長田
40%
名鉄 上飯田
38%
阪神 大開
36%
京急 大師橋
35%
名鉄 東大手
28%
名鉄 小牧
25%
東急 荏原中延
22%
近鉄 荒本
22%
東急 長原
21%
No matching quizzes found
Score Distribution
Percent of People with Each Score
Percentile by Number Answered
Your Score History
You have not taken this quiz since the last reset